| 000 | 01064cam a22003015i 4500 | ||
|---|---|---|---|
| 999 |
_c20300 _d20272 |
||
| 001 | 12795361 | ||
| 003 | EG-ScBUE | ||
| 005 | 20200205113616.0 | ||
| 008 | 020530s2002 enk f b 001 0 eng d | ||
| 020 | _a9780415285841 | ||
| 040 |
_aDLC _beng _erda _cDLC _dDLC _dEG-ScBUE |
||
| 082 | 0 | 4 |
_a801.95 _bEAG _222 |
| 100 | 1 |
_aEagleton, Terry, _d1943- _eauthor. _939123 |
|
| 245 | 1 | 0 |
_aMarxism and literary criticism / _cTerry Eagleton ; with a new preface by the author. |
| 264 |
_aAbingdon, Oxfordshire ; _aNew York : _bRoutledge / Taylor & Francis Group, _c 2002. |
||
| 300 |
_axiii, 84 pages ; _c21 cm. |
||
| 336 |
_atext _btxt _2rdacontent |
||
| 337 |
_aunmediated _bn _2rdamedia |
||
| 338 |
_avolume _bnc _2rdacarrier |
||
| 490 | 0 | _aRoutledge classics. | |
| 500 | _aOriginally published: London : Methuen, 1976. | ||
| 504 | _aIncludes bibliographical references and index. | ||
| 650 | 7 |
_aMarxist criticism. _2BUEsh _939124 |
|
| 650 | 7 |
_aCommunism and literature. _2BUEsh _939125 |
|
| 651 | _2BUEsh | ||
| 653 |
_bHHUUEENN _cJuly2015 _cJanuary2016 |
||
| 942 |
_2ddc _cBB |
||